000 00272nam a22001337a 4500
003 SGT
082 _a612.8
_bC15T
100 _aTIKOO, SHWETA
245 _aA COMPARATIVE STUDY OF EFFECT
260 _aSGTU
_c2015
300 _a113
650 _aNEUROLOGY
942 _2ddc
_cTH
999 _c20677
_d20677